Istituzioni medievali: una introduzione

Salvato in:
Dettagli Bibliografici
Autore principale: Ascheri, Mario (Autore)
Natura: Libro
Lingua:italiano
Pubblicazione: Urbino Il Mulino 1994
Serie:Strumenti, Storia
Soggetti:
Tags: Aggiungi Tag
Nessun Tag, puoi essere il primo ad aggiungerne!!

MARC

LEADER 00000nam a2200000 a 4500
001 UCO0628
003 CL-VaPUC
008 000420e19940000IT |||||||||||||||||ita|d
082 0 4 |a 340.09  |b ASC  |2 21 
100 0 |a Ascheri, Mario  |e author  |9 441981 
245 1 0 |a Istituzioni medievali: una introduzione 
300 |a 387 p 
942 |c BK 
945 |d 20000420 00:00:00  |a vberengu 
260 |a Urbino  |b Il Mulino  |c 1994 
650 7 |a DERECHO HISTORIA  |2 CL-VaPUC  |9 255119 
650 7 |a INSTITUCIONES MEDIEVALES  |2 CL-VaPUC  |9 441982 
583 |a last modification  |c 20000420 00:00:00  |k Rodrigo Vera 
490 0 |a Strumenti, Storia 
999 |c 287277  |d 287275 
952 |0 0  |1 0  |4 0  |6 340_090000000000000_ASC_1994  |7 0  |8 DER_HIS  |9 334005  |a BIBDER  |b BIBDER  |d 2019-11-20  |i 3577015  |l 1  |o 340.09 ASC 1994  |p 3577015  |r 2023-01-25  |s 2020-03-17  |w 2019-11-20  |x Ubicación 4to Piso  |y BK  |z Estos recursos deben solicitarse con anticipación  |k DER